000 00622nam a2200205 4500
003 OSt
005 20240715050705.0
006 a
008 240715b |||||||| |||| 00| 0 eng d
020 _a9719340223
040 _aDWCL-Main lib.
_cOC
082 _2First edition
_aCirc. 265.2 P669s 2007
100 _aPirlo, Paolo O.
245 _aThe sacrament of confirmation /
250 _aFirst edition
260 _aParaƱaque City :
_bSons of Holy Mary Immaculate Quality Catholic Pub.,
_cc2007.
300 _b32 p. : col. ill. ;
_c19 cm.
650 _a1. Confirmation.
942 _2ddc
_n0
_cBK - FIL
_eFirst edition
_kFil.
999 _c2174
_d2174